Cow takes a bow (Record no. 638)

MARC details
000 -CABECERA
campo de control de longitud fija 01283nam a22002894c 4500
003 - IDENTIFICADOR DE NUMERO DE CONTROL
campo de control AR-BaSMT
008 - CAMPOS DE LONGITUD FIJA
campo de control de longitud fija 240627b2013 enka|||ar|||| 000 1 ing d
020 ## - ISBN: Indicadores indefinidos
Número ISBN 9781409550518
040 ## - FUENTE DE CATALOGACION
Agencia de catalogación original BSGB
Idioma de catalogación español
Convenciones de la descripción rda
041 0# - CODIGO DE IDIOMA
Código idioma ing
Idioma original Inglés
080 ## - CDU
CDU completo 82-34
100 1# - PUNTO DE ACCESO PRINCIPAL
Nombre de persona Punter, Russell
Enlace autoridades 475
245 10 - MENCION DE TITULO
Título Cow takes a bow
264 ## - PRODUCCIÓN, PUBLICACIÓN, DISTRIBUCIÓN, ETC.
Lugar de publicación, etc. Londres :
Nombre editor. Usrborne,
Fecha 2013
300 ## - DESCRIPCION FISICA
Extensión 24 páginas ;
Otros detalles físicos ilustraciones color
336 ## - TIPO DE CONTENIDO
rdacontent rdacontent
texto texto
txt txt
337 ## - TIPO DE MEDIO
rdamedia rdamedia
sin mediación sin mediación
n n
338 ## - TIPO DE SOPORTE
rdacarrier rdacarrier
volumen volumen
nc nc
490 ## - TÍTULO DE LA SERIE
Título de la serie Usborne Phonics Readers
520 ## - NOTA DE SUMARIO, RESUMEN, ETC.
Toda la nota A lively story with humorous illustrations, ideal for children who are beginning to read for themselves, or for reading aloud together. When Brown Cow visits the circus, she puts on a surprise performance. She slips, trips, drops things and loses her hat - but the ringmaster is thrilled! With simple rhyming text and phonic repetition specially designed to develop essential language and early reading skills. Also includes guidance notes for parents at the back of the book.
521 ## - NOTA DE PÚBLICO DESTINATARIO
Nota de audiencia Jardín / Primaria
650 #7 - PUNTO DE ACCESO ADICIONAL DE MATERIA – TÉRMINO TEMÁTICO
Enlace autoridades 8
Término de materia o nombre geográfico como elemento de entrada LITERATURA INFANTIL
Subdivisión de forma Inglés
Subdivisión general Phonics
650 #7 - PUNTO DE ACCESO ADICIONAL DE MATERIA – TÉRMINO TEMÁTICO
Enlace autoridades 23
Término de materia o nombre geográfico como elemento de entrada CUENTO
700 1# - PUNTO DE ACCESO ADICIONAL – NOMBRE DE PERSONA
Apellido, Nombre Blunt, Fred
Término relacionador: Ilustrador
Enlace autoridades 476
942 ## - ELEMENTOS AGREGADOS (KOHA)
CDU Clasificación Decimal Dewey
Tipo de ítem Libros
Holdings
Disponible Perdido Fuente de clasificación Estado Ubicación permanente Locación actual Estante o sala Fuente de adquisición Número de inventario Total préstamos Signatura topográfica Código de barras Numero de ejemplar Tipo de item de Koha Calificador de localización códificado
    Clasificación Decimal Dewey   Biblioteca Susana G. De Batemarco Biblioteca Susana G. De Batemarco Inglés - Amarillo Compra Feria del Libro 2026 000884   82-34 PUN 000884 1 Libros  

Powered by Koha